000 00402nam a2200181Ia 4500
008 210210b1957 xxu||||| |||| 00| 0 eng d
041 _aeng
082 _a920/51
100 _aTOYNBEE (A J)
245 _aStudy of history I
260 _aLondon
_bOxford University Press
_c1957
650 _aStudy
650 _aof
650 _aI
650 _ahistory
690 _aHistory
906 _a024793
999 _c150414
_d150414